| 000 | 00522nam a2200193Ia 4500 | ||
|---|---|---|---|
| 003 | GCL | ||
| 008 | 140319s9999 xx 000 0 eng d | ||
| 040 |
_aGCL / _cGCL |
||
| 082 | 0 | 4 |
_a791.430233 _bM S |
| 100 | 1 | _aMILLER, PAT P. | |
| 245 | 1 | 0 |
_aSCRIPT SUPERVISING AND FILM CONTINUITY, 2nd ed. / _cMILLER, PAT P. |
| 260 |
_a[S.N] : _bFOCAL PRESS ، _c1990 |
||
| 300 | _a228 P | ||
| 650 | 0 | 4 | _aPRODUCTION AND DIRCTION |
| 650 | 0 | 4 | _aCINEMATOGROPHY |
| 650 | 0 | 4 | _aMOTION PICTURES |
| 650 | 0 | 4 | _aCONTINUITY |
| 942 |
_2ddc _cBK |
||
| 999 |
_c20532 _d20532 |
||